| 000 | 00573nam a2200181Ia 4500 | ||
|---|---|---|---|
| 003 | GCL | ||
| 008 | 140319s9999 xx 000 0 ara d | ||
| 040 |
_aGCL / _cGCL |
||
| 082 | 0 | 4 |
_a823.03 _bج ا |
| 100 | 1 | _aجولدينج، وليام | |
| 245 | 1 | 0 |
_aامير الذباب / _cجولدينج، وليام |
| 700 | 1 | _aعبدالحميد الجمال | |
| 300 | _aمتعدد | ||
| 490 |
_aروايات جائزة نوبل _v0 |
||
| 650 | 0 | 4 | _aالقصص الانجليزية المترجمة |
| 650 | 0 | 4 | _aالادب الانجليزى المترجم |
| 942 |
_2ddc _cBK |
||
| 999 |
_c38672 _d38672 |
||